| 000 | 00711nam a22002057a 4500 | ||
|---|---|---|---|
| 008 | 170112b xxu||||| |||| 00| 0 eng d | ||
| 020 | _a9871435487369 | ||
| 050 |
_a TK7887 _b.A53 2010 |
||
| 100 | _aAndrews, Jean. | ||
| 245 |
_aLab manual A+ guide to hardware : _bmanaging maintaining, and troubleshooting / _cJean Andrews, Todd, Verge |
||
| 246 | _aCompTIA A+ guide to hardware | ||
| 250 | _a. | ||
| 260 |
_aBoston, MA. : _aAustralia _bCourse Technology, _c2010. |
||
| 300 |
_aix, 306 p. : _bcol. ill. ; _c29 cm |
||
| 500 | _aIncludes index | ||
| 500 | _aLab manual | ||
| 650 |
_aMicrocomputers _xMaintenance and repair _xManagement. |
||
| 650 |
_aMicrocomputers _xUpgrading. |
||
| 942 |
_2lcc _cBK |
||
| 999 |
_c47814 _d47814 |
||